| 000 | 00376nam a22001457a 4500 | ||
|---|---|---|---|
| 003 | OSt | ||
| 008 | 220618b |||||||| |||| 00| 0 eng d | ||
| 020 | _a9781641724418 | ||
| 082 |
_a631.3 _bATK/AG |
||
| 100 |
_aAtkinson, Jack _95223 |
||
| 245 | _aAgricultural machinery and technologies | ||
| 260 |
_aNew York _bLarsen and Keller Education _c2020 |
||
| 300 | _a205 | ||
| 942 | _cBK | ||
| 999 |
_c17527 _d17527 |
||